| 000 | 00642nam a2200193 a 4500 | ||
|---|---|---|---|
| 001 | 000013067 | ||
| 005 | 20200929163130.0 | ||
| 008 | 091119s1989 cu 001 j spa d | ||
| 040 |
_aDO-SdBNP _bspa _cBNPHU |
||
| 082 |
_aCu863.44 _bH532n |
||
| 100 | 1 |
_aHeras León, Eduardo, _d1940- _930201 |
|
| 245 | 1 | 3 |
_aLa nueva guerra / : _bEduardo Heras León ; prólogo, Francisco López Sacha. |
| 260 |
_aLa Habana : _bLetras Cubanas, _c1989. |
||
| 300 |
_a397, [3] p. ; _c18 cm. |
||
| 650 | 4 |
_aCuentos cubanos _vCOLECCIONES _929188 |
|
| 650 | 4 |
_aLiteratura cubana _ySIGLO XX _99186 |
|
| 700 | 1 |
_aLópez Sacha, Francisco, _epról. _929187 |
|
| 049 | _aBNGR | ||
| 999 |
_c12709 _d12709 |
||